Sulfato de potasa y calidad.

Guardado en:
Formato: Libro
Idioma:Spanish
Publicado: Viena : Compañía Exportadora de Potasa, 1988.
Etiquetas: Agregar Etiqueta
Sin Etiquetas, Sea el primero en etiquetar este registro!
LEADER 00377nam a22001215a 4500
001 EEA.libagro004404
005 20181122125644.0
008 130809s1988####xx#a##########000#0#spa#d
082 0 4 |a 631.83 
245 1 0 |a Sulfato de potasa y calidad. 
260 |a Viena :  |b Compañía Exportadora de Potasa,  |c 1988. 
300 |a 12 p. :  |b il. ;  |c 21 cm. 
859 |a AR-BbBCA  |b BIB. AGRONOMIA  |h 631.83  |i C737  |p 1990/1647